000 00625nam a2200205 a 4500
001 47971
003 BD-RjUL
005 20211209054431.0
008 160811m19631949enk 000 0 eng d
035 _a(BD-RjUL)48090
040 _aDLC
_cDZM
_dEQO
_dBD-RjUL
_beng
041 _aeng
082 _a338.91
_223
_bLEP 1963
100 1 _aLewis, W. Arthur
_9145532
245 1 4 _aThe principles of economic planning :
_ba study prepared for the Fabian Society /
_cW. Arthur Lewis
260 _aLondon :
_bD. Dobson,
_c1949, [7th Impression 1963]
300 _a128 p. ;
_c22 cm.
650 0 _aEconomic policy
_9145533
942 _2ddc
_cBK
999 _c47971
_d47971